Quiz France histoire - Statistiques

Statistiques générales
  • Ce quiz a été pris 138 fois
  • Le résultat moyen est 3 sur 6
Statistiques - réponses
Question Réponse % Correct
que s'est il passe entre la premiere gerre et la deuxieme gerre mondial ? des année folle
82%
combien de temps à vraiment dure la gerre de cent ans? 116
71%
combien y'a t'ils eu d'empereur en Frances entre le V siecle et le XIX siecle? 3
66%
combien de temps a vécu louis 14? 74
35%
combien y'a t'il eu de rois en France entre le v siecle et le XIX? 64
13%
combien y'a t'ils eu de guerre en france? 17
8%
Aucun quiz correspondant
Distribution des résultats
% des personnes avec chaque résultat
Percentile par nombre de réponses
Votre historique - résultats
Vous n’avez pas pris ce quiz